Employer's agent (Record no. 116025)

MARC details
000 -LEADER
fixed length control field 01394cad a22002775a 4500
001 - CONTROL NUMBER
control field L159588
008 - FIXED-LENGTH DATA ELEMENTS--GENERAL INFORMATION
fixed length control field 150416s2017 xxk f 000 0 eng d
020 ## - INTERNATIONAL STANDARD BOOK NUMBER
International Standard Book Number 9781783212064
035 ## - SYSTEM CONTROL NUMBER
System control number (Sirsi) u159588
041 0# - LANGUAGE CODE
Language code of text/sound track or separate title eng
050 04 - LIBRARY OF CONGRESS CALL NUMBER
Classification number 658.404 $2 18
110 2# - MAIN ENTRY--CORPORATE NAME
Corporate name or jurisdiction name as entry element Royal Institution of Chartered Surveyors
9 (RLIN) 4900
245 00 - TITLE STATEMENT
Title Employer's agent
Remainder of title design and build
Medium [electronic resource]
260 ## - PUBLICATION, DISTRIBUTION, ETC.
Place of publication, distribution, etc. London
Name of publisher, distributor, etc. RICS
Date of publication, distribution, etc. 2017
300 ## - PHYSICAL DESCRIPTION
Extent 22p.
490 #0 - SERIES STATEMENT
Series statement RICS Guidance Note
490 #0 - SERIES STATEMENT
Series statement RICS Black Book
520 ## - SUMMARY, ETC.
Summary, etc. This guidance note is intended for use in conjunction with the JCT Design and Build Contract where an agent will be appointed by the employer to represent him or her. It considers the role and responsibilities of the employer?s agent and other 'non-core' pre-contract activities. It includes definition of employer's agent, commencement of the role, competence, technical ability and experience, and appointment documents/service agreement. Effective from 1st January 2018.
650 24 - SUBJECT ADDED ENTRY--TOPICAL TERM
Topical term or geographic name entry element JCT DESIGN AND BUILD CONTRACT 2016
650 24 - SUBJECT ADDED ENTRY--TOPICAL TERM
Topical term or geographic name entry element EMPLOYERS AGENT
650 24 - SUBJECT ADDED ENTRY--TOPICAL TERM
Topical term or geographic name entry element SERVICE AGREEMENTS
651 #4 - SUBJECT ADDED ENTRY--GEOGRAPHIC NAME
Geographic name United Kingdom
690 ## - LOCAL SUBJECT ADDED ENTRY--TOPICAL TERM (OCLC, RLIN)
Topical term or geographic name as entry element Contracts
9 (RLIN) 6232
856 41 - ELECTRONIC LOCATION AND ACCESS
Uniform Resource Identifier <a href="https://www.rics.org/profession-standards/rics-standards-and-guidance/sector-standards/construction-standards/black-book/employers-agent-design-and-build">https://www.rics.org/profession-standards/rics-standards-and-guidance/sector-standards/construction-standards/black-book/employers-agent-design-and-build</a>
Public note Available free on RICS.org
942 ## - ADDED ENTRY ELEMENTS (KOHA)
Suppress in OPAC 0
Source of classification or shelving scheme Dewey Decimal Classification
Holdings
Withdrawn status Lost status Source of classification or shelving scheme Damaged status Not for loan Home library Current library Shelving location Date acquired Total Checkouts Full call number Barcode Date last seen Copy number Price effective from Koha item type
    Dewey Decimal Classification     London London RICS Boxes 21/03/2023   RICS 2017/18   21/03/2023   21/03/2023 Book
    Dewey Decimal Classification     Virtual Virtual Online 02/10/2017   ONLINE PUBLICATION 159588-2001 22/03/2023 1 06/08/2019 Book